| 000 | 00503nam a22001697a 4500 | ||
|---|---|---|---|
| 999 |
_c8674 _d8674 |
||
| 003 | AR-CdUCM | ||
| 008 | 190325b ||||| |||| 00| 0 spa d | ||
| 040 |
_aMUNICIPALIDAD PROVINCIAL DEL CUSCO _cBIBLIOTECA MUNICIPAL DEL CUSCO |
||
| 082 |
_a869.56 / _bK761 |
||
| 100 |
_aKorawa Mormontoy, Alexander _924242 |
||
| 245 | _aSusurros de una escuela rural / | ||
| 260 |
_aCusco : _bGrafica Ramos, _c2016. |
||
| 300 |
_a98 páginas ; _c21 cm. |
||
| 650 |
_aPoesía. _9139 |
||
| 942 |
_2ddc _cLIBROS |
||
| 945 | _awfj | ||